000 01144cam a22002054a 4500
005 20250605163921.0
008 250528s ||||||||||||||||||||||||d
035 _a14392
020 _a70563039
040 _aGR-AtMCL
_bgre
_dGR-AtMCL
_eAACR2
245 1 _aThe Macroeconomy Today / Sixth Edition
250 _a6th
260 _bMcgraw Hill, Inc,
_c1994
300 _a574
520 _aPreface, An Overview, The American Economy, Supply and Demand, Major Problems, The Business Cycle, Unemployment, Inflation, National-Income Accounting, Fiscal Policy Options, Aggregate Spending, Potential Instability, Fiscal Policy, Deficits and Debt, Monetary Policy Options, Money and Banks, The Federal Reserve System, Monetary Policy, Policy Options: Supply-Side Approaches, Supply-Side Policies, Economic Growth: Sources and Limits, Current Policies, Global Macro, Theory and Reality, International Economic and Comparative Systems, International Trade, International Finance, International Development, The Collapse of Communism, Glossary, Index, Problem Set.
700 1 _aSchiller R. Bradley
_96
942 _cBK
999 _c26
_d26